Science Quiz

Random Science or Anatomy Quiz

Perineum Pouches Quiz Stats

 Plays Quiz not verified by Sporcle

Also try: Baby Beasts V
Challenge
Share
Tweet
Embed
Score 0/30 Timer 10:00
0 Plays Today
Hint Answer % Correct
BoundariesIschial tuberosity
50%
BoundariesPubic symphosis
44.4%
BoundariesTip of coccyx
44.4%
BoundariesPelvic floor
44.4%
Superficial Pouch ContentsPenis
44.4%
Ischioanal Pouch ContentsFat
38.9%
Deep Pouch ContentsVagina
38.9%
BoundariesSacrotuberous ligament
33.3%
Superficial Pouch ContentsSuperficial transverse perineal muscle
33.3%
Superficial Pouch ContentsIschiocavernosus
27.8%
Superficial Pouch ContentsPerineal body
27.8%
BoundariesInferior pubic rami
22.2%
BoundariesColle's fascia
16.7%
Ischioanal Pouch ContentsPudendal nerve
16.7%
Superficial Pouch ContentsClitoris
16.7%
Hint Answer % Correct
Superficial Pouch ContentsTestes
16.7%
Superficial Pouch ContentsGreater vestibular glands
16.7%
Deep Pouch ContentsSphincter urethrae
16.7%
Deep Pouch ContentsBulbourethral gland
16.7%
Ischioanal Pouch ContentsInternal pudendal artery and vein
11.1%
Ischioanal Pouch ContentsInferior rectal artery and vein
11.1%
Ischioanal Pouch ContentsInferior rectal nerve
11.1%
Superficial Pouch ContentsBulbospongeosus
11.1%
Superficial Pouch ContentsSpermatic cord
11.1%
Deep Pouch ContentsDeep transverse perineal muscle
11.1%
Deep Pouch ContentsDorsal penile nerve
11.1%
Ischioanal Pouch ContentsPudendal canal
5.6%
Deep Pouch ContentsDorsal clitoral nerve
5.6%
Deep Pouch ContentsDeep clitoral artery
5.6%
Deep Pouch ContentsMembranous urethra
5.6%

You're not logged in!

Compare scores with friends on all Sporcle quizzes.
OR
Log In

You Might Also Like...

Show Comments

Extras

Created Mar 26, 2016ReportNominate
Tags:Anatomy Quiz, medicine

Top Quizzes Today


Score Distribution

Your Account Isn't Verified!

In order to create a playlist on Sporcle, you need to verify the email address you used during registration. Go to your Sporcle Settings to finish the process.

Report this User

Report this user for behavior that violates our Community Guidelines.

Details: